000 00678nam a2200277Ia 4500
005 20260320195913.0
008 008 262003s9999 xx 000 0 hin d
020 _a9788180316620
037 _aEBOOK
040 _aCRL
040 _bhin
040 _cCRL
041 _2hin
041 _ahin
084 _qCRL
100 _aनिशा नौटियाल
_91133500
245 0 _aअन्नपूर्णा और अंत्योदय
250 _a1st
260 _bRajkamal
260 _c2006
300 _a17
856 _uhttps://ebook.indiaread.in/pdfs/9788180316620.pdf
942 _cEBOOK
999 _c1717107
_d1717107